Leçons théoriques et cliniques suer les affections cutanees / (Record no. 31091)
[ view plain ]
| 000 -LEADER | |
|---|---|
| campo de control de longitud fija | 00654nam a2200169 i 4500 |
| 001 - NÚMERO DE CONTROL | |
| campo de control | 31091 |
| 003 - IDENTIFICADOR DE NÚMERO DE CONTROL | |
| campo de control | ES-MaACL |
| 007 - CAMPO FIJO DE DESCRIPCIÓN FÍSICA--INFORMACIÓN GENERAL | |
| campo de control de longitud fija | t| |
| 008 - DATOS DE LONGITUD FIJA--INFORMACIÓN GENERAL | |
| campo de control de longitud fija | 030128s1862 fr ||||1| fre d |
| 100 1# - ENTRADA PRINCIPAL--NOMBRE DE PERSONA | |
| Nombre de persona | Bazin, Antoine-Pierre Ernest. |
| 9 (RLIN) | 26746 |
| 245 10 - MENCIÓN DEL TÍTULO | |
| Título | Leçons théoriques et cliniques suer les affections cutanees / |
| Mención de responsabilidad, etc. | Ernest Antoine-Pierre Bazin ; professes par le doctour Ernest Bazrin ; redigées et publiées par Alfred Pouquet. |
| 260 ## - PUBLICACIÓN, DISTRIBUCIÓN, ETC. | |
| Lugar de publicación, distribución, etc. | París : |
| Nombre del editor, distribuidor, etc. | [s.n., |
| Fecha de publicación, distribución, etc. | 1862] ( |
| Fabricante | E. Martinet) |
| 300 ## - DESCRIPCIÓN FÍSICA | |
| Extensión | 5 lám. ; |
| Dimensiones | 22 cm. |
| 700 1# - ENTRADA AGREGADA--NOMBRE PERSONAL | |
| Nombre de persona | Bazin, Ernest. |
| 9 (RLIN) | 26747 |
| 700 1# - ENTRADA AGREGADA--NOMBRE PERSONAL | |
| Nombre de persona | Pouquet, Alfred. |
| 9 (RLIN) | 93457 |
| 852 ## - LOCALIZACIÓN | |
| Ubicación | ES-MaACL |
| Número de control de estantería | G-14082(2) |
| condición física | . - Encuadernado con otras obras |
| Estatus retirado | Estado de pérdida | Estado de daño | No para préstamo | Colección | Biblioteca de origen | Biblioteca actual | Ubicación en estantería | Fecha de adquisición | Fuente de adquisición | Total de préstamos | Signatura topográfica completa | Código de barras | Visto por última vez | Precio de reemplazo | Tipo de ítem Koha |
|---|---|---|---|---|---|---|---|---|---|---|---|---|---|---|---|
| Libros del s. XIX | Biblioteca del Ateneo de Madrid | Biblioteca del Ateneo de Madrid | Sala Pecera Planta 3 | 17/01/2008 | G-14082(2) | 1032119 | 23/02/2023 | 23/02/2023 | Libro impreso antiguo |
